[Event "Evry op"]
[Site "Evry"]
[Date "2007.11.01"]
[Round "2"]
[White "Mottier, Geoffroy"]
[Black "Toumi, David"]
[Result "1-0"]
[WhiteElo "1735"]
[BlackElo "1499"]
[PlyCount "41"]
[EventDate "2007.10.31"]
[EventType "swiss"]
[EventRounds "9"]
[EventCountry "FRA"]
[SourceTitle "EXT 2009"]
[Source "ChessBase"]
[SourceDate "2008.11.26"]
[SourceVersion "1"]
[SourceVersionDate "2008.11.26"]
[SourceQuality "1"]

1. Nf3 d5 2. c4 e6 3. g3 Nc6 4. cxd5 Qxd5 5. Nc3 Qa5 6. Bg2 Bd7 7. 0-0 Nf6 8. a3 Bb4 9. Na2 Bc5 10. b4 Bxb4 11. axb4 Nxb4 12. Qb3 c5 13. Bb2 Ba4 14. Qc3 0-0 15. Nxb4 cxb4 16. Qe3 h6 17. Bxf6 gxf6 18. Qxh6 b5 19. Qxf6 Qc7 20. Ng5 Rad8 21. Be4 1-0

[Event "Evry op 2nd"]
[Site "Evry"]
[Date "2006.11.02"]
[Round "3"]
[White "Mottier, Geoffroy"]
[Black "Kononov, Alexander"]
[Result "0-1"]
[WhiteElo "1740"]
[BlackElo "2243"]
[PlyCount "106"]
[EventDate "2006.11.01"]
[EventType "swiss"]
[EventRounds "7"]
[EventCountry "FRA"]
[SourceTitle "EXT 2007"]
[Source "ChessBase"]
[SourceDate "2006.11.23"]
[SourceVersion "1"]
[SourceVersionDate "2006.11.23"]
[SourceQuality "1"]

1. Nf3 d5 2. c4 c6 3. cxd5 cxd5 4. d4 Nc6 5. Nc3 e6 6. e3 Nf6 7. Bb5 Bd7 8. 0-0 Bd6 9. Ba4 Rc8 10. Bd2 0-0 11. Rc1 Ne4 12. Be1 f5 13. Nd2 Qh4 14. f4 Qh6 15. Rf3 Nxd2 16. Qxd2 Nb8 17. Bxd7 Nxd7 18. Nd1 Qf6 19. Nc3 a6 20. Rf1 Rc4 21. Qe2 Rfc8 22. Bd2 Qd8 23. Nb1 Rc2 24. Rxc2 Rxc2 25. Rc1 Rxb2 26. Qd3 Qb6 27. Nc3 Qa5 28. Rc2 Rxc2 29. Qxc2 Qc7 30. Qb3 Qc6 31. Kf2 Nb6 32. Ne2 Nc4 33. Bb4 Bc7 34. Nc1 a5 35. Be1 a4 36. Qc2 Nxe3 37. Qxc6 Ng4+ 38. Kg3 bxc6 39. Nd3 Bb6 40. Bc3 Kf7 41. Nb2 a3 42. Nd3 Nf6 43. Kf3 Ne4 44. Bb4 Bxd4 45. Bxa3 c5 46. Bc1 c4 47. Nb4 Bc3 48. Nc2 Ke7 49. a4 Kd7 50. Be3 Kc6 51. Na3 Nc5 52. Bxc5 Kxc5 53. Nb5 Ba5 0-1